Nhập môn ngôn ngữ học lí thuyết Introduction to theoretical linguistics
Đây là một giáo trình ngôn ngữ học cơ bản. Sách trình bày một cách có hệ thống, mạch lạc, dễ hiểu về các vấn đề cơ bản của lí thuyết ngôn ngữ học, với các phần trọng tâm là: Khái quát về ngôn ngữ học; Cấu trúc ngôn ngữ, bao gồm ca...
Na minha lista:
| Autor principal: | |
|---|---|
| Formato: | Livro |
| Idioma: | Undetermined |
| Publicado em: |
Hà Nội
Giáo dục
1997
|
| Assuntos: | |
| Tags: |
Adicionar Tag
Sem tags, seja o primeiro a adicionar uma tag!
|
| Thư viện lưu trữ: | Trung tâm Học liệu Trường Đại học Cần Thơ |
|---|
| LEADER | 01776nam a2200217Ia 4500 | ||
|---|---|---|---|
| 001 | CTU_19448 | ||
| 008 | 210402s9999 xx 000 0 und d | ||
| 020 | |b 50.000đ | ||
| 082 | |a 410.1 | ||
| 082 | |b L991 | ||
| 100 | |a John Lyons | ||
| 245 | 0 | |a Nhập môn ngôn ngữ học lí thuyết | |
| 245 | 0 | |b Introduction to theoretical linguistics | |
| 245 | 0 | |c John Lyons, Vương Hữu Lễ | |
| 260 | |a Hà Nội | ||
| 260 | |b Giáo dục | ||
| 260 | |c 1997 | ||
| 520 | |a Đây là một giáo trình ngôn ngữ học cơ bản. Sách trình bày một cách có hệ thống, mạch lạc, dễ hiểu về các vấn đề cơ bản của lí thuyết ngôn ngữ học, với các phần trọng tâm là: Khái quát về ngôn ngữ học; Cấu trúc ngôn ngữ, bao gồm các vấn đề: chất liệu và hình thức, quan hệ liên tưởng và quan hệ kết hợp; Mặt âm thanh của ngôn ngữ: ngữ âm học và âm vị học; Các nguyên lí cơ bản của ngữ pháp và ngữ pháp học, ngữ pháp hình thức, các đơn vị ngữ pháp, cấu trúc ngữ pháp, các phạm trù ngữ pháp, các chức năng ngữ pháp; Các nguyên lí cơ bản của ngữ nghĩa học: tính có nghĩa, ngữ nghĩa học truyền thống, ý nghĩa và qui chiếu, nghĩa từ vựng và nghĩa ngữ pháp. Cấu trúc ngữ nghĩa, ngữ nghĩa học bộ phận và ngữ nghĩa phổ quát. | ||
| 650 | |a linguistics | ||
| 904 | |i Nguyễn Quang Điền, 971030 | ||
| 980 | |a Trung tâm Học liệu Trường Đại học Cần Thơ | ||